American philosophy (Record no. 23131)
[ view plain ]
| 000 -LEADER | |
|---|---|
| fixed length control field | 00473nam a2200205Ia 4500 |
| 003 - CONTROL NUMBER IDENTIFIER | |
| control field | 0100 |
| 005 - DATE AND TIME OF LATEST TRANSACTION | |
| control field | 20170803110249.0 |
| 008 - FIXED-LENGTH DATA ELEMENTS--GENERAL INFORMATION | |
| fixed length control field | 130303s9999 xx 000 0 und d |
| 040 ## - CATALOGING SOURCE | |
| Transcribing agency | ARRUPELIB |
| 050 ## - LIBRARY OF CONGRESS CALL NUMBER | |
| Classification number | B851.A46 1984 |
| 300 ## - PHYSICAL DESCRIPTION | |
| Other physical details | 688p. 23cm. |
| 245 ## - TITLE STATEMENT | |
| Title | American philosophy |
| 245 ## - TITLE STATEMENT | |
| Remainder of title | A historical anthology |
| 260 ## - PUBLICATION, DISTRIBUTION, ETC. (IMPRINT) | |
| Name of publisher, distributor, etc | State University |
| Place of publication, distribution, etc | Albany |
| Date of publication, distribution, etc | 1984 |
| 300 ## - PHYSICAL DESCRIPTION | |
| Extent | xv |
| 650 ## - SUBJECT ADDED ENTRY--TOPICAL TERM | |
| Topical term or geographic name as entry element | Philosophy |
| General subdivision | American |
| -- | Addresses, essays, lectures |
| 9 (RLIN) | 34545 |
| 700 ## - ADDED ENTRY--PERSONAL NAME | |
| Personal name | MacKinnon, Barbara (ed.) |
| 9 (RLIN) | 34546 |
| 942 00 - ADDED ENTRY ELEMENTS (KOHA) | |
| Koha issues (borrowed), all copies | 1 |
| Source of classification or shelving scheme | Library of Congress Classification |
| Koha item type | Monograph ( Printed materials) |
| Withdrawn status | Lost status | Source of classification or shelving scheme | Damaged status | Not for loan | Collection code | Home library | Current library | Shelving location | Date acquired | Total Checkouts | Full call number | Barcode | Date last seen | Date checked out | Copy number | Price effective from | Koha item type |
|---|---|---|---|---|---|---|---|---|---|---|---|---|---|---|---|---|---|
| Library of Congress Classification | Main Collection | ARRUPE LIBRARY | ARRUPE LIBRARY | 04/03/2013 | 1 | B851.A46 1984 | 46003008023 | 23/02/2015 | 13/02/2015 | 1 | 04/03/2013 | Monograph ( Printed materials) |